Responses for show #3396 - Monday, May 17, 1999

1999-A Celebrity Jeopardy! game 1.

Contestants

Alyssa Milano, an actress from Charmed

Gil Bellows, an actor from Ally McBeal

Kari Wuhrer, an actress from Sliders

Jeopardy! Round responses

FAMOUS DATES
NAME THE MOVIE
CHARMED, I'M SURE
SLIDING
UP YOUR "ALLEY"
TONGUE TWISTERS
    $100 15
the moon

Alyssa
    $100 2
The Wizard of Oz

Kari
    $100 4
bow

Kari
    $100 3
(Alyssa: What is a mudslide?)

avalanche/landslide

Alyssa
Triple Stumper
    $100 1
pickled peppers

Gil
    $200 14
Julius Caesar

Gil
    $200 9
Citizen Kane

Kari
    $200 16
the pope

Kari
    $200 5
(Kari: Supercalifragilisticexpi...)

zipper

KariGil
    $200 18
(Alex: Minute to go.)

chuck wood

Kari
    $300 13
(Kari: What is South America?)

Australia

KariGil
    $500 8
A Streetcar Named Desire

Alyssa
    $300 21
(Kari: Would that be...what is look her in the eyes?)

hug her

Kari
Triple Stumper
    $300 17
(Gil: Who is Leo Sayer?)

Paul Simon

Gil
Triple Stumper
    $300 19
seashells

Kari
    $400 12
Battle of Iwo Jima

Gil
    $400 7
Ace Ventura: Pet Detective

Alyssa
    $400 22
enchante

Gil
    $400 20
yodel

Alyssa
    $500 11
Jesse Owens

Gil
    $500 6
(Alex: What? Was my reading that bad? Mel Gibson will never forgive me in [*]!)

Braveheart

Triple Stumper
    $500 23
(Gil: What is Mr. Money?)
(Kari: What is Mr. Really Great Sandwich at a Deli?)
[The end-of-round signal sounds.]

Mr. Secretary

KariGil
Triple Stumper
    $500 10
Tin Pan Alley

Gil

Scores at the first commercial break (after clue 10):

Kari Gil Alyssa
$200 $800 $800

Scores at the end of the Jeopardy! Round:

Kari Gil Alyssa
-$200 $1,800 $1,300

Double Jeopardy! Round responses

SHAKESPEAREAN ACTORS
TRAVEL & TOURISM
SPORTS ANIMALS
PRESIDENTIAL NICKNAMES
PEOPLE
LOOK OUT "BELL"OW
    $200 2
Hamlet

Gil
    $200 9
ice

Kari
    $200 30
eagle

Alyssa
    $200 25
Bill Clinton

Gil
    $200 1
Sweden

Gil
    $200 14
Alexander Graham Bell

Gil
    $400 8
Dennis Franz

Kari
    $400 10
Morocco

Kari
    $400 29
skunk

Kari
    $400 28
Ronald Reagan

Triple Stumper
    $400 17
Jennifer Love Hewitt

Gil
    $400 15
Tinkerbell

Alyssa
    $600 7
Sigourney Weaver

Gil
    $600 11
the White House

Triple Stumper
    $600 27
rabbit punch

Gil
    $600 26
George H.W. Bush

Gil
    $600 18
Max Factor

Kari
    $200 16
the Liberty Bell

Alyssa
    $800 4
Jon Voight

Gil
    $800 12
cherry blossoms

Alyssa
    $800 6
(Alex: "...a variation of this spin named for a humped camel" Good, Alex! Going to make it easy for you guys; pick again, Gil!)

camel

Triple Stumper
    $800 22
(Alyssa: Should have chosen the $200 clue!)

Franklin Delano Roosevelt

Triple Stumper
    $800 19
Jack Benny

Gil
    $800 24
bell-bottoms

Kari
    $2,200 3
(Alex: Her husband at the time.)

Kenneth Branagh

Gil
    $1000 13
Bombay

Kari
    $1000 5
(Kari: What are...)

horses

Kari
Triple Stumper
    $1000 21
Woodrow Wilson

Triple Stumper
    $1000 20
Francis

Triple Stumper
    $1000 23
belladonna/"Bella Donna"

Gil

Scores at the end of the Double Jeopardy! Round:

Kari Gil Alyssa
$2,600 $9,600 $2,900
(lock game)

[wagering suggestions for these scores]

Final Jeopardy! Round responses

BRITISH AUTHORS
KariWho Stevie Nicks
$1,000
AlyssaWho Agatha Christy?
$500
GilWho is Agatha Christie?
$6,600
Agatha Christie

Final scores:

Kari Gil Alyssa
$1,600 $16,200 $3,400
3rd place: $10,000 for the Kelly & Cal Ripken Foundation Winner: $16,200 for Cure Autism Now 2nd place: $10,000 for the Red Cross

Game dynamics:

Coryat scores:

Kari Gil Alyssa
$2,600 $8,400 $3,100
13 R,
5 W
20 R
(including 1 DD),
2 W
8 R
(including 2 DDs),
1 W

Combined Coryat: $14,100

The J! Archive is created by fans, for fans. The Jeopardy! game show and all elements thereof, including but not limited to copyright and trademark thereto, are the property of Jeopardy Productions, Inc. and are protected under law. This website is not affiliated with, sponsored by, or operated by Jeopardy Productions, Inc. Join the discussion at JBoard.tv.